Mots étranges de la langue française - Statistiques

Statistiques générales
  • Ce quiz a été pris 37 fois
  • Le résultat moyen est 101 sur 144
Statistiques - réponses
Question Tuile Select % Correct
Acteur comique de l'Antiquité Bruxomanie Non
91%
Acteur comique de l'Antiquité Dipsomanie Non
91%
Acteur comique de l'Antiquité Psithurisme Non
91%
Acteur comique de l'Antiquité Rhododendron Non
91%
Acteur comique de l'Antiquité Uchronie Non
91%
Acteur comique de l'Antiquité Ultracrépidarianisme Non
91%
Acteur comique de l'Antiquité Concupiscent Non
88%
Acteur comique de l'Antiquité Flavescent Non
88%
Acteur comique de l'Antiquité Fuligineux Non
88%
Acteur comique de l'Antiquité Chleuasme Non
84%
Acteur comique de l'Antiquité Palimpseste Non
84%
Genre de plantes à fleurs qui poussent en montagne Bruxomanie Non
78%
Genre de fiction qui repose sur le principe de la réécriture de l’Histoire à partir de la modification du passé Bruxomanie Non
78%
Genre de plantes à fleurs qui poussent en montagne Chleuasme Non
78%
Tendance à grincer des dents de façon incontrôlée Chleuasme Non
78%
Genre de fiction qui repose sur le principe de la réécriture de l’Histoire à partir de la modification du passé Chleuasme Non
78%
Genre de plantes à fleurs qui poussent en montagne Concupiscent Non
78%
Tendance à grincer des dents de façon incontrôlée Concupiscent Non
78%
Genre de fiction qui repose sur le principe de la réécriture de l’Histoire à partir de la modification du passé Concupiscent Non
78%
Genre de plantes à fleurs qui poussent en montagne Dipsomanie Non
78%
Genre de plantes à fleurs qui poussent en montagne Flavescent Non
78%
Tendance à grincer des dents de façon incontrôlée Flavescent Non
78%
Genre de fiction qui repose sur le principe de la réécriture de l’Histoire à partir de la modification du passé Flavescent Non
78%
Tendance à grincer des dents de façon incontrôlée Fuligineux Non
78%
Genre de fiction qui repose sur le principe de la réécriture de l’Histoire à partir de la modification du passé Fuligineux Non
78%
Acteur comique de l'Antiquité Histrion Oui
78%
Genre de plantes à fleurs qui poussent en montagne Histrion Non
78%
Tendance à grincer des dents de façon incontrôlée Histrion Non
78%
Genre de plantes à fleurs qui poussent en montagne Palimpseste Non
78%
Tendance à grincer des dents de façon incontrôlée Palimpseste Non
78%
Genre de fiction qui repose sur le principe de la réécriture de l’Histoire à partir de la modification du passé Palimpseste Non
78%
Genre de plantes à fleurs qui poussent en montagne Psithurisme Non
78%
Tendance à grincer des dents de façon incontrôlée Rhododendron Non
78%
Genre de fiction qui repose sur le principe de la réécriture de l’Histoire à partir de la modification du passé Rhododendron Non
78%
Genre de plantes à fleurs qui poussent en montagne Uchronie Non
78%
Genre de plantes à fleurs qui poussent en montagne Ultracrépidarianisme Non
78%
Genre de fiction qui repose sur le principe de la réécriture de l’Histoire à partir de la modification du passé Ultracrépidarianisme Non
78%
Manuscrit constitué d'un parchemin déjà utilisé sur lequel on vient réécrire par dessus Bruxomanie Non
75%
Envie constante de boire des boissons toxiques, en particulier de l'alcool Chleuasme Non
75%
Envie constante de boire des boissons toxiques, en particulier de l'alcool Concupiscent Non
75%
Manuscrit constitué d'un parchemin déjà utilisé sur lequel on vient réécrire par dessus Concupiscent Non
75%
Tendance à grincer des dents de façon incontrôlée Dipsomanie Non
75%
Genre de fiction qui repose sur le principe de la réécriture de l’Histoire à partir de la modification du passé Dipsomanie Non
75%
Manuscrit constitué d'un parchemin déjà utilisé sur lequel on vient réécrire par dessus Dipsomanie Non
75%
Procédé rhétorique consistant à se déprécier soi-même par fausse modestie pour tenter de mieux convaincre ou pour recevoir des éloges Flavescent Non
75%
Manuscrit constitué d'un parchemin déjà utilisé sur lequel on vient réécrire par dessus Flavescent Non
75%
Procédé rhétorique consistant à se déprécier soi-même par fausse modestie pour tenter de mieux convaincre ou pour recevoir des éloges Fuligineux Non
75%
Genre de plantes à fleurs qui poussent en montagne Fuligineux Non
75%
Envie constante de boire des boissons toxiques, en particulier de l'alcool Fuligineux Non
75%
Manuscrit constitué d'un parchemin déjà utilisé sur lequel on vient réécrire par dessus Fuligineux Non
75%
Procédé rhétorique consistant à se déprécier soi-même par fausse modestie pour tenter de mieux convaincre ou pour recevoir des éloges Histrion Non
75%
Envie constante de boire des boissons toxiques, en particulier de l'alcool Histrion Non
75%
Procédé rhétorique consistant à se déprécier soi-même par fausse modestie pour tenter de mieux convaincre ou pour recevoir des éloges Palimpseste Non
75%
Envie constante de boire des boissons toxiques, en particulier de l'alcool Palimpseste Non
75%
Genre de fiction qui repose sur le principe de la réécriture de l’Histoire à partir de la modification du passé Psithurisme Non
75%
Manuscrit constitué d'un parchemin déjà utilisé sur lequel on vient réécrire par dessus Psithurisme Non
75%
Procédé rhétorique consistant à se déprécier soi-même par fausse modestie pour tenter de mieux convaincre ou pour recevoir des éloges Rhododendron Non
75%
Genre de plantes à fleurs qui poussent en montagne Rhododendron Oui
75%
Envie constante de boire des boissons toxiques, en particulier de l'alcool Rhododendron Non
75%
Manuscrit constitué d'un parchemin déjà utilisé sur lequel on vient réécrire par dessus Rhododendron Non
75%
Procédé rhétorique consistant à se déprécier soi-même par fausse modestie pour tenter de mieux convaincre ou pour recevoir des éloges Uchronie Non
75%
Envie constante de boire des boissons toxiques, en particulier de l'alcool Uchronie Non
75%
Tendance à grincer des dents de façon incontrôlée Ultracrépidarianisme Non
75%
Manuscrit constitué d'un parchemin déjà utilisé sur lequel on vient réécrire par dessus Ultracrépidarianisme Non
75%
Adjectif qui qualifie ce qui produit de la suie Bruxomanie Non
72%
Personne qui éprouve une forte attirance pour les plaisirs sensuels Bruxomanie Non
72%
Adjectif qui qualifie ce qui produit de la suie Chleuasme Non
72%
Doux murmure du vent dans les arbres Concupiscent Non
72%
Doux murmure du vent dans les arbres Dipsomanie Non
72%
Personne qui éprouve une forte attirance pour les plaisirs sensuels Dipsomanie Non
72%
Personne qui éprouve une forte attirance pour les plaisirs sensuels Flavescent Non
72%
Envie constante de boire des boissons toxiques, en particulier de l'alcool Flavescent Non
72%
Doux murmure du vent dans les arbres Fuligineux Non
72%
Personne qui éprouve une forte attirance pour les plaisirs sensuels Fuligineux Non
72%
Donner son avis sur des sujets que l’on ne maîtrise pas Histrion Non
72%
Genre de fiction qui repose sur le principe de la réécriture de l’Histoire à partir de la modification du passé Histrion Non
72%
Donner son avis sur des sujets que l’on ne maîtrise pas Palimpseste Non
72%
Adjectif qui qualifie ce qui produit de la suie Palimpseste Non
72%
Adjectif qui qualifie ce qui produit de la suie Psithurisme Non
72%
Doux murmure du vent dans les arbres Rhododendron Non
72%
Donner son avis sur des sujets que l’on ne maîtrise pas Rhododendron Non
72%
Adjectif qui qualifie ce qui produit de la suie Rhododendron Non
72%
Personne qui éprouve une forte attirance pour les plaisirs sensuels Rhododendron Non
72%
Doux murmure du vent dans les arbres Uchronie Non
72%
Donner son avis sur des sujets que l’on ne maîtrise pas Uchronie Non
72%
Adjectif qui qualifie ce qui produit de la suie Uchronie Non
72%
Personne qui éprouve une forte attirance pour les plaisirs sensuels Uchronie Non
72%
Adjectif qui qualifie ce qui produit de la suie Ultracrépidarianisme Non
72%
Procédé rhétorique consistant à se déprécier soi-même par fausse modestie pour tenter de mieux convaincre ou pour recevoir des éloges Bruxomanie Non
69%
Donner son avis sur des sujets que l’on ne maîtrise pas Bruxomanie Non
69%
Donner son avis sur des sujets que l’on ne maîtrise pas Chleuasme Non
69%
Qui tire sur une couleur jaune / blonde Chleuasme Non
69%
Personne qui éprouve une forte attirance pour les plaisirs sensuels Chleuasme Non
69%
Adjectif qui qualifie ce qui produit de la suie Concupiscent Non
69%
Qui tire sur une couleur jaune / blonde Concupiscent Non
69%
Adjectif qui qualifie ce qui produit de la suie Dipsomanie Non
69%
Qui tire sur une couleur jaune / blonde Dipsomanie Non
69%
Donner son avis sur des sujets que l’on ne maîtrise pas Fuligineux Non
69%
Doux murmure du vent dans les arbres Histrion Non
69%
Adjectif qui qualifie ce qui produit de la suie Histrion Non
69%
Personne qui éprouve une forte attirance pour les plaisirs sensuels Histrion Non
69%
Manuscrit constitué d'un parchemin déjà utilisé sur lequel on vient réécrire par dessus Histrion Non
69%
Doux murmure du vent dans les arbres Palimpseste Non
69%
Qui tire sur une couleur jaune / blonde Palimpseste Non
69%
Donner son avis sur des sujets que l’on ne maîtrise pas Psithurisme Non
69%
Qui tire sur une couleur jaune / blonde Rhododendron Non
69%
Tendance à grincer des dents de façon incontrôlée Uchronie Non
69%
Manuscrit constitué d'un parchemin déjà utilisé sur lequel on vient réécrire par dessus Uchronie Non
69%
Doux murmure du vent dans les arbres Ultracrépidarianisme Non
69%
Qui tire sur une couleur jaune / blonde Ultracrépidarianisme Non
69%
Doux murmure du vent dans les arbres Bruxomanie Non
66%
Qui tire sur une couleur jaune / blonde Bruxomanie Non
66%
Donner son avis sur des sujets que l’on ne maîtrise pas Flavescent Non
66%
Procédé rhétorique consistant à se déprécier soi-même par fausse modestie pour tenter de mieux convaincre ou pour recevoir des éloges Psithurisme Non
66%
Tendance à grincer des dents de façon incontrôlée Psithurisme Non
66%
Qui tire sur une couleur jaune / blonde Psithurisme Non
66%
Personne qui éprouve une forte attirance pour les plaisirs sensuels Psithurisme Non
66%
Qui tire sur une couleur jaune / blonde Uchronie Non
66%
Genre de fiction qui repose sur le principe de la réécriture de l’Histoire à partir de la modification du passé Uchronie Oui
66%
Envie constante de boire des boissons toxiques, en particulier de l'alcool Bruxomanie Non
63%
Procédé rhétorique consistant à se déprécier soi-même par fausse modestie pour tenter de mieux convaincre ou pour recevoir des éloges Dipsomanie Non
63%
Qui tire sur une couleur jaune / blonde Fuligineux Non
63%
Envie constante de boire des boissons toxiques, en particulier de l'alcool Psithurisme Non
63%
Personne qui éprouve une forte attirance pour les plaisirs sensuels Ultracrépidarianisme Non
63%
Procédé rhétorique consistant à se déprécier soi-même par fausse modestie pour tenter de mieux convaincre ou pour recevoir des éloges Concupiscent Non
59%
Donner son avis sur des sujets que l’on ne maîtrise pas Concupiscent Non
59%
Donner son avis sur des sujets que l’on ne maîtrise pas Dipsomanie Non
59%
Doux murmure du vent dans les arbres Flavescent Non
59%
Qui tire sur une couleur jaune / blonde Histrion Non
59%
Personne qui éprouve une forte attirance pour les plaisirs sensuels Palimpseste Non
59%
Envie constante de boire des boissons toxiques, en particulier de l'alcool Ultracrépidarianisme Non
59%
Manuscrit constitué d'un parchemin déjà utilisé sur lequel on vient réécrire par dessus Chleuasme Non
56%
Adjectif qui qualifie ce qui produit de la suie Flavescent Non
53%
Procédé rhétorique consistant à se déprécier soi-même par fausse modestie pour tenter de mieux convaincre ou pour recevoir des éloges Ultracrépidarianisme Non
53%
Tendance à grincer des dents de façon incontrôlée Bruxomanie Oui
50%
Qui tire sur une couleur jaune / blonde Flavescent Oui
47%
Adjectif qui qualifie ce qui produit de la suie Fuligineux Oui
47%
Manuscrit constitué d'un parchemin déjà utilisé sur lequel on vient réécrire par dessus Palimpseste Oui
47%
Doux murmure du vent dans les arbres Chleuasme Non
44%
Personne qui éprouve une forte attirance pour les plaisirs sensuels Concupiscent Oui
38%
Envie constante de boire des boissons toxiques, en particulier de l'alcool Dipsomanie Oui
31%
Donner son avis sur des sujets que l’on ne maîtrise pas Ultracrépidarianisme Oui
28%
Doux murmure du vent dans les arbres Psithurisme Oui
19%
Procédé rhétorique consistant à se déprécier soi-même par fausse modestie pour tenter de mieux convaincre ou pour recevoir des éloges Chleuasme Oui
9%
Aucun quiz correspondant
Distribution des résultats
% des personnes avec chaque résultat
Percentile par nombre de réponses
Votre historique - résultats
Vous n’avez pas pris ce quiz